MARC

LEADER 00000nam0a2200000 4500
001 80212
005 20231031094520.0
035 |a (RuTPU)RU\TPU\book\86211 
090 |a 80212 
100 |a 20050902d1975 k y0rusy50 ca 
101 0 |a rus 
102 |a UA 
105 |a a z 001zy 
200 1 |a Надежность и долговечность машин  |f Б. И. Костецкий, И. Г. Носовский, Л. И. Бершадский, А. К. Караулов  |g под ред. Б. И. Костецкого 
210 |a Киев  |c Технiка  |d 1975 
215 |a 405 с.  |c ил. 
320 |a Библиогр.: с. 383-395 
320 |a Предм. указ.: с. 396-402 
610 1 |a машины 
610 1 |a надежность 
610 1 |a долговечность 
610 1 |a износ 
610 1 |a трение 
610 1 |a усталостное разрушение 
610 1 |a детали машин 
610 1 |a коррозия 
610 1 |a эрозия 
610 1 |a конструкционные методы 
610 1 |a технологические средства 
675 |a 621-192  |v 3 
701 1 |a Костецкий  |b Б. И.  |g Борис Иванович 
701 1 |a Носовский  |b И. Г.  |g Игорь Георгиевич 
701 1 |a Бершадский  |b Л. И.  |g Лазарь Исаакович 
701 1 |a Караулов  |b А. К.  |g Александр Кириллович 
702 1 |a Костецкий  |b Б. И.  |g Борис Иванович  |4 340 
801 1 |a RU  |b 63413507  |c 20050902  |g PSBO 
801 2 |a RU  |b 63413507  |c 20091028  |g PSBO 
900 |a Надежность и долговечность машин 
942 |c BK